000 00538nam a22001697a 4500
003 OSt
005 20140310183131.0
008 131003t xxu||||| |||| 00| 0 eng d
050 _aBX 2182.2
_b.N42 1983
082 _aFIL 242
_bN47 1983
245 _aThe new spiritual diary /
_cextensively revised and edited by Sr. Maria Veritas Grau.
260 _aPasay, Metro Manila :
_bSaint Paul Publications,
_cc1983.
300 _a320 p. :
_c25 cm.
651 _aDevotional exercises calendars.
_923459
942 _2lcc
_cBK
999 _c19163
_d19163